[Event "Linares 16th"]
[Site "Linares"]
[Date "1999.03.10"]
[Round "14"]
[White "Kramnik, Vladimir"]
[Black "Leko, Peter"]
[Result "1/2-1/2"]
[WhiteElo "2751"]
[BlackElo "2694"]
[Annotator "Stohl,I"]
[PlyCount "84"]
[EventDate "1999.02.21"]
[EventType "tourn"]
[EventRounds "14"]
[EventCountry "ESP"]
[EventCategory "20"]
[SourceTitle "CBM 070"]
[Source "ChessBase"]
[SourceDate "1999.06.08"]
[SourceVersion "1"]
[SourceVersionDate "1999.06.08"]
[SourceQuality "1"]

1. Nf3 Nf6 2. c4 c5 3. Nc3 e6 4. g3 b6 5. Bg2 Bb7 6. O-O Be7 7. d4 {Already in
itself a small surprise, as Kramnik in this position almost exclusively played
7.Re1.} cxd4 8. Qxd4 O-O 9. Rd1 ({Less promising is} 9. Bf4 Nc6 $1 (9... d6 10.
Qd2 Qc8 11. Rac1 Rd8 12. Rfd1 a6 13. Qe3 Qc7 14. Bh3 Qc5 15. Nd5 $1 Bxd5 16.
cxd5 Qxe3 17. Bxe3 Nxd5 18. Rxd5 $3 exd5 19. Bxb6 Rf8 20. b4 f5 21. Be3 Nd7 22.
Rc7 Rad8 23. Nd4 Bf6 24. Ne6 g6 25. Bg2 d4 26. Bh6 $18 {Nikolic,P-Van Wely,L/
NLD-ch Rotterdam/1998/}) 10. Qd2 Na5 11. b3 d5 $11) 9... Nc6 {Black opts for a
slightly different setup, as the classical "Hedgehog" position can't already
be reached so easily.} (9... d6 10. b3 Nbd7 (10... a6 $6 11. Ba3 $36) 11. e4 a6
$6 (11... Qc8 $142 $5 $13) 12. Ba3 Nc5 13. e5 dxe5 14. Qxd8 $1 Rfxd8 15. Nxe5
$16) 10. Qf4 Qb8 11. b3 Rd8 {In this sub-variation Black intends to realize a
d7-d5 push at a suitable moment, so he avoids the typical, but rather passive}
(11... d6 12. Bb2 Rd8 13. Rd2 a6 14. Rad1 h6 15. h4 Ra7 $6 16. g4 $1 Ne5 17. g5
hxg5 18. hxg5 Ng6 19. Qd4 Bxf3 20. Bxf3 Ne8 21. Qe3 d5 22. Na4 b5 23. cxd5 bxa4
24. dxe6 Rxd2 25. exf7+ Kxf7 26. Rxd2 $40 {Konopka,M-Behrens,H/BL2-N/1993/})
12. Bb2 h6 $5 $146 {A potentially useful move, which prevents a possible
Ng5-e4 and guards Black from possible back-rank mates after the position opens.
} (12... a6 $6 {><b6} 13. Rac1 Qxf4 14. gxf4 Na5 15. Na4 $1 Rab8 16. Be5 d6 17.
Bc3 Nd7 18. Nd4 Bf8 19. Nxb6 $1 Nxb3 20. Nxd7 Nxd4 21. Bxd4 Rxd7 22. Rb1 d5 23.
cxd5 exd5 24. Bh3 Re7 25. Rb6 Rbe8 26. e3 a5 27. a4 $16 {Cebalo,M-Hulak,K/
JUG-chT/1989/}) (12... Na5 13. Qxb8 Raxb8 14. Nb5 d5 $5 (14... a6 $6 15. Nd6
Bc6 16. Ne5 Bxg2 17. Kxg2 Rf8 18. g4 Nc6 19. g5 Nxe5 20. Bxe5 Nh5 21. Ne4 Rb7
22. Bd6 Bxd6 23. Rxd6 Rc8 24. Rad1 Rcc7 25. c5 $1 $16 {Stangl,M-Kholmov,R/Brno/
1991/}) 15. cxd5 a6 16. Nc3 Nxd5 17. Nxd5 Bxd5 18. Rac1 $14 {1/2,Panno,O-Keres,
P/Amsterdam ct/1956/}) ({The most played alternative is the immediate} 12...
Qxf4 13. gxf4 Na5 (13... d6 $143 $6 14. Nd4 Rac8 15. f5 $1 Nxd4 16. Bxb7 Rc7
17. fxe6 fxe6 18. Bg2 Nc6 19. Nb5 Rcc8 20. Bxc6 Rxc6 21. Nd4 Rcc8 22. Nxe6 Re8
23. e3 {1-0,Hergott,D-Chow,A/Toronto/1998/}) {Maybe the most best is} 14. Nd4
$5 (14. Rac1 d5 15. cxd5 Nxd5 16. Nxd5 Bxd5 17. Ne5 Bxg2 18. Kxg2 f6 19. Rxd8+
Rxd8 20. Nd3 Rd7 21. Rc8+ Kf7 22. Kf3 Nb7 23. Bc3 Nd6 24. Ra8 Nb5 25. Bb2 Rd8
26. Rxd8 Bxd8 27. Nb4 Bc7 28. Nc6 $14 {/=Sanguineti,R-Bolbochan,J/Buenos Aires/
1958/ A very similar position arose in our game. Despite the fact White's R is
better placed on the c-file (Kramnik had to lose a tempo to get it there)
White's advantage remains very small and careful defence should neutralize it.}
) ({N moves promise White somewhat more:} 14. Ne5 Bxg2 15. Kxg2 d6 16. Nf3 Ne8
(16... Rac8 $142 $132) 17. Rd2 Rac8 18. Rad1 Nc6 19. Ba3 d5 20. Bxe7 Nxe7 21.
e4 Nf6 22. exd5 exd5 23. Ne5 Kf8 24. Nxd5 Nexd5 25. cxd5 Ne4 26. Rd4 $16 {
Najdorf,M-Unzicker,W/Moscow/1956/}) (14. Ne1 Rac8 15. Nc2 d5 $6 16. cxd5 Nxd5
17. Bxd5 exd5 18. Rac1 Bf6 19. Nb4 d4 20. Ncd5 Nc6 21. Nxf6+ gxf6 22. Nxc6 Rxc6
23. Rxc6 Bxc6 24. Bxd4 Bb5 25. Kf1 h5 26. f3 f5 27. Kf2 $16 {Panno,O-Schweber,
S/Buenos Aires/1968/}) (14. Ng5 h6 15. Bxb7 Nxb7 16. Nge4 Nxe4 17. Nxe4 f5 18.
Nc3 Bf6 19. Rab1 d5 20. cxd5 Bxc3 21. Bxc3 Rxd5 22. Rxd5 exd5 23. Be5 Nc5 24.
Rd1 Rd8 25. h4 Kf7 26. Kg2 Ne6 27. e3 Rd7 28. Rc1 Nf8 29. Kf3 Ne6 30. Rc6 d4
31. exd4 Nxd4+ 32. Bxd4 Rxd4 33. Rc7+ Kg6 34. Rxa7 Rd2 $132 {Lengyel,L-Pachman,
L/Venice/1967/}) 14... Bxg2 (14... d5 $143 $6 15. cxd5 Nxd5 16. Nxd5 Bxd5 17.
Nf5 $1 Bf8 18. Bxd5 exd5 19. Rd3 $1 f6 20. Rad1 Rac8 21. Ne3 Kf7 22. Rxd5 Rxd5
23. Rxd5 Rc7 24. Rd3 Nb7 25. Kg2 $16 {Karpov,A-Andersson,U/Marostica m/1989/})
15. Kxg2 d5 16. cxd5 Nxd5 17. Nxd5 Rxd5 18. e4 Rdd8 19. Rac1 a6 20. f5 Bg5 21.
Rb1 exf5 22. Nxf5 g6 23. h4 gxf5 24. hxg5 fxe4 25. Bf6 $44 {|^,Benko,P-Saidy,A/
New York/1969/}) ({Black can of course even now play} 12... d6 $14) 13. Rd2 (
13. Rac1 $5 {See the practical examples above-the R is usefully placed on c1.}
Qxf4 14. gxf4 $14 {/\} Nh5 15. e3 g5 16. fxg5 hxg5 17. Ne5 Nf6 18. Nb5 $36)
13... Qxf4 14. gxf4 Na5 15. Rad1 (15. Rc1 d5 16. cxd5 Nxd5 17. Nxd5 Bxd5 $132)
15... d5 16. cxd5 Nxd5 17. Nxd5 Bxd5 18. Ne5 Bxg2 19. Kxg2 Rxd2 20. Rxd2 Kf8
21. Rc2 (21. Bc3 $5 Ke8 (21... Rd8 22. Bxa5 bxa5 23. Rc2 $36 {[%csl Ra5,Ra7] ק
}) (21... Rc8 22. Bxa5 bxa5 23. Rd7 $36) 22. Bxa5 $14) 21... Ke8 {[%mdl 256]
White still has a slight advantage due to his more active pieces, but by
careful defence Leko manages to shake off the pressure without making any
significant positional concessions.} 22. Kf3 (22. Rc7 Bd6 $1 {/\} 23. Rxf7 $4
Bxe5 $19) 22... Rd8 23. Nd3 (23. Rc7 f6 24. Ng6 Rd7 $11) 23... f6 24. b4 Nb7
25. a4 Rd5 $5 (25... Kd7 26. e4 $5 Rc8 27. Rxc8 Kxc8 28. f5 $14 {><g7}) 26. Rc7
(26. b5 Kd7 {/\g5,Rh5<=> Black has activated his pieces and has nothing to
fear.}) 26... Rd7 27. Rc8+ Rd8 28. Rc7 Rd7 29. Rc8+ Rd8 30. Rxd8+ (30. Rc3 $5 {
/\} Rd5 31. e4) 30... Kxd8 $11 31. b5 Nc5 32. Nxc5 $8 Bxc5 33. e4 Ke7 34. f5 (
34. Kg4 $2 Bxf2) 34... h5 $1 {Despite the potential vulnerability of Black's
Pa7 and Pg7 the _|_ is an easy draw, as White has no way to penetrate.} 35. Bc1
Bd6 36. h3 (36. Bf4 $2 exf5 37. exf5 Bxf4 38. Kxf4 Kd6 $19) 36... Kf7 37. Ke2
g6 38. fxg6+ (38. fxe6+ Kxe6 $11) 38... Kxg6 39. Kd3 f5 40. f3 (40. Be3 Kf6 {
/\e5,f4}) 40... Kf6 41. Be3 f4 42. Bf2 e5 (42... e5 43. a5 Bc7 44. Kc4 Ke6 $11)
1/2-1/2

[Event "Amber-blindfold 08th"]
[Site "Monte Carlo"]
[Date "1999.03.24"]
[Round "8"]
[White "Karpov, Anatoly"]
[Black "Kramnik, Vladimir"]
[Result "1/2-1/2"]
[WhiteElo "2710"]
[BlackElo "2751"]
[PlyCount "140"]
[EventDate "1999.03.16"]
[EventType "tourn (rapid)"]
[EventRounds "11"]
[EventCountry "MNC"]
[EventCategory "18"]
[SourceTitle "CBM 069 Extra"]
[Source "ChessBase"]
[SourceDate "1999.05.10"]
[SourceVersion "1"]
[SourceVersionDate "1999.05.10"]
[SourceQuality "1"]

1. d4 Nf6 2. c4 e6 3. Nf3 d5 4. g3 dxc4 5. Bg2 Nc6 6. Qa4 Bb4+ 7. Bd2 Nd5 8.
Bxb4 Ndxb4 9. a3 b5 10. Qd1 Nd5 11. e4 Nb6 12. Nc3 a6 13. O-O O-O 14. Qd2 Bb7
15. Rad1 Qe7 16. h4 Rad8 17. Qe3 b4 18. axb4 Nxb4 19. Rd2 Nd3 20. Rfd1 a5 21.
Ne5 Nb4 22. Bf1 Ba6 23. h5 f6 24. Nf3 Bb7 25. Ra1 a4 26. Be2 Bc6 27. Rad1 Ra8
28. Ra1 Ra5 29. Ne1 Bb7 30. Ra3 h6 31. g4 Rd8 32. Na2 Nxa2 33. Rxa2 c5 34. Nf3
cxd4 35. Nxd4 Raa8 36. Ra1 Qc5 37. Rad1 a3 38. bxa3 Rd6 39. Nc2 Qxe3 40. Nxe3
Rxd2 41. Rxd2 Bxe4 42. Rd6 Nd5 43. Rxe6 Nf4 44. Rxe4 Nxe2+ 45. Kf1 Nc3 46. Rxc4
Rxa3 47. Rc8+ Kh7 48. Rc7 Nb5 49. Rb7 Nd6 50. Rd7 Ra6 51. Nd5 Kg8 52. Ne7+ Kf8
53. Ng6+ Kg8 54. Kg2 Nf7 55. f4 Ra8 56. Kf3 Re8 57. Ne7+ Kf8 58. Nf5 Rd8 59.
Ra7 Re8 60. Nh4 Nh8 61. Rc7 Re7 62. Rc5 Re8 63. Rc3 Nf7 64. Ng6+ Kg8 65. Rc7
Nh8 66. Re7 Rxe7 67. Nxe7+ Kf7 68. Nf5 Kf8 69. Ke4 Nf7 70. Kd5 Nd8 1/2-1/2

[Event "Dos Hermanas 10th"]
[Site "Dos Hermanas"]
[Date "1999.04.06"]
[Round "1"]
[White "Kramnik, Vladimir"]
[Black "Karpov, Anatoly"]
[Result "1/2-1/2"]
[WhiteElo "2751"]
[BlackElo "2710"]
[Annotator "Stohl,I"]
[PlyCount "65"]
[EventDate "1999.04.06"]
[EventType "tourn"]
[EventRounds "9"]
[EventCountry "ESP"]
[EventCategory "19"]
[SourceTitle "CBM 071"]
[Source "ChessBase"]
[SourceDate "1999.08.01"]
[SourceVersion "1"]
[SourceVersionDate "1999.08.01"]
[SourceQuality "1"]

1. Nf3 Nf6 2. c4 b6 3. g3 c5 4. Bg2 Bb7 5. O-O g6 6. Nc3 Bg7 7. d4 cxd4 8. Qxd4
d6 9. Rd1 Nbd7 {Botvinnik,M-Lilienthal,A Moscow 1936 1-0 A slightly modified
Hedgehog setup. Black posts his dark-squared B more actively on the long /^,
on the other hand it's not so easy for him to control d5, as e7-e6 would
seriously weaken ><d6. A good illustration of the strength of this outpost is
the classical game} 10. Be3 ({In a later round Kramnik tried a similar
strategy as in the game mentioned above and managed to get an unpleasant pull:
} 10. b3 O-O 11. Bb2 Rc8 12. Rac1 (12. Qe3 Re8 13. Rac1 a6 14. Ba1 Rc5 $1 {
[%csl Gd5][%cal Gc8c5]} 15. a4 Qa8 16. Ne1 Rf5 17. Bxb7 Qxb7 18. f3 h5 19. Ng2
Rc5 20. Bb2 Rcc8 21. Ba3 Nc5 22. Rb1 Ne6 23. Qd3 Nc7 24. Nf4 b5 $11 {Karpov,
A-Kasparov,G/WCh London Leningrad/1986/}) 12... Rc5 $142 $5 {[%csl Gd5][%cal
Gc8c5]} (12... a6 13. Qd2 Rc7 $6 14. Ne1 Bxg2 (14... Qa8 15. Nd5 $5 $14) 15.
Nxg2 Qa8 16. Ne3 Re8 17. Ncd5 Rc6 18. a4 Qb7 19. Bd4 Rcc8 20. Nxf6+ Bxf6 21.
Nd5 Bxd4 22. Qxd4 Qc6 23. Qh4 f6 24. Rc3 Kg7 25. Qd4 Qc5 26. Qd2 $36 {Kramnik,
V-Polgar,J/Dos Hermanas/1999/}) 13. Ne1 Bxg2 14. Nxg2 Nd5 15. Qd2 Nxc3 16. Bxc3
Bxc3 17. Rxc3 Nf6 18. f3 Qc7 19. e4 b5 20. Rdc1 Rc8 21. Ne3 Qa5 {Andersson,
U-Portisch,L/Reykjavik/1991/} 22. R3c2 $11 {These two games demonstrate a
typical resource in Black's fight for the d5-square: the Rc5 maneuvre.}) 10...
O-O 11. Qh4 Rc8 12. Rac1 {Necessary prophylaxis.} (12. Bh3 $143 $2 Bxf3 13.
exf3 Ne5 14. Kg2 Rxc4 15. Rd4 Rxc3 16. bxc3 Qa8 17. Kf1 Nxf3 18. Bg2 Nxh4 19.
Bxa8 Nf5 20. Bb7 Nxd4 21. cxd4 Rb8 22. Ba6 Nd5 23. Rc1 h5 24. Ke2 e6 25. a3 b5
26. Rc8+ Rxc8 27. Bxc8 Nxe3 28. fxe3 d5 29. Ba6 Bf8 $19 {Topalov,V-Kasparov,G/
Wijk aan Zee 5'/1999/}) 12... a6 13. b3 Rc7 $5 {[%cal Yd8a8,Yf8c8] An
interesting idea, which appeared lately in top-level games. Black ignores
White's "threat" Bh6 and intends to activate his Q via a8, thus connecting his
R.} (13... Re8 14. Bh3 $5 (14. Bh6 Bh8 15. Bh3 Bxf3 16. exf3 Rc5 17. Bg2 $5 (
17. g4 Ne5 18. Qg3 Rc8 19. Be3 Bg7 20. f4 Ned7 21. Qf3 h6 22. Qb7 Nc5 23. Qg2
Rb8 24. f5 g5 25. f4 $36 {Arsovic,G-Timoshenko,G/Belgrade/1995/}) 17... Rh5 18.
Qf4 Bg7 19. Bxg7 Kxg7 20. Qd4 Kg8 21. Nd5 a5 22. f4 Nxd5 23. cxd5 Nc5 24. Rc3
Rf5 25. a3 Rf6 26. Bh3 Kg7 27. b4 axb4 28. axb4 $16 {Piven,I-Ikonnikov,V/
Werfen/1991/}) (14. Ng5 $143 Bxg2 15. Kxg2 Qc7 16. Kg1 Qb7 17. Nf3 Rc7 18. g4
Rcc8 19. g5 Nh5 20. Nd5 e6 21. Nf4 Nxf4 22. Qxf4 Bf8 23. Bd2 b5 $132 {Tisdall,
J-Stohl,I/Manila olm/1992/}) 14... Rc7 (14... b5 $6 15. cxb5 axb5 16. Nxb5 Rxc1
17. Rxc1 Bxf3 18. exf3 Ne5 19. Bg2 Qa5 20. a4 Nd5 21. Qe4 Nxe3 22. Qxe3 Bf6 23.
f4 Ng4 24. Qe2 h5 25. h3 Nh6 26. Nxd6 $18 {Wojtkiewicz,A-Gallagher,J/Chicago/
1989/}) 15. Bh6 Bxf3 16. exf3 Rc5 17. Bxg7 Kxg7 18. Qd4 h5 19. Na4 Ne5 20. Bg2
Ra5 21. f4 Ned7 22. Nc3 Rc5 23. b4 Rc7 24. Nd5 e5 25. Qb2 Nxd5 26. Rxd5 Qf6 27.
Qd2 exf4 28. gxf4 Nf8 29. Rxd6 $16 {Wojtkiewicz,A-Palkovi,J/Stara Zagora zt/
1990/}) 14. g4 $146 {[%mdl 8] Kramnik tries a new idea , as he realizes the
stereotyped} (14. Bh6 Qa8 15. Bxg7 Kxg7 16. Qd4 {promises very little.} b5 $1 (
16... Rfc8 $6 {loses valuable tempos:} 17. Qe3 Re8 18. Bh3 b5 19. cxb5 Bxf3 20.
exf3 axb5 21. Nxb5 Rxc1 22. Rxc1 Nd5 (22... Qxa2 23. Bxd7 Nxd7 24. Nxd6) 23.
Qd4+ N7f6 24. a4 h5 25. f4 e5 26. fxe5 dxe5 27. Qa7 $18 {Kolbus,D-Vadasz,L/
Budapest/1996/}) 17. cxb5 axb5 18. Nxb5 Rxc1 19. Rxc1 Qxa2 20. Nc3 Qa3 21. Rb1
Rc8 22. Nd2 e5 23. Qa4 Qxa4 24. Nxa4 Bxg2 25. Kxg2 d5 26. Nf3 d4 27. b4 Nd5 $15
{[%csl Gd4,Gd5,Ge5] [+],(),Topalov,V-Kramnik,V/Wijk aan Zee 5'/1999 /}) 14...
h6 $1 {[%mdl 4] Karpov reacts in a model way, utilizing the unprotected g4 to
prepare <=> on the other ised of the board.} 15. h3 (15. Bxh6 Bxh6 16. Qxh6
Nxg4 17. Qh4 Ngf6 $15 {[%cal Yg8g7,Yf8h8] /\Kg7,Rh8}) 15... g5 16. Qg3 b5 $1
17. h4 $8 (17. cxb5 $4 Rxc3 18. Rxc3 Ne4 $19) (17. Nd5 Bxd5 18. cxd5 Ne4 $17 {
[%csl Rg3] ף}) 17... bxc4 (17... gxh4 $6 18. Qxh4 bxc4 19. Bxh6 $36) 18. hxg5
hxg5 19. b4 $1 Qa8 (19... Ne4 20. Nxe4 Bxe4 21. Nxg5 Bxg2 22. Qxg2 {[%cal
Rg2h3,Re3d4,Gh1h8] /\Qh3,Bd4,-><->h}) 20. Bxg5 (20. Nxg5 Bxg2 21. Qxg2 Qxg2+
22. Kxg2 Rb8 (22... Nxg4 $2 23. Nd5 $16) 23. a3 a5 $5 $132 {/\} 24. b5 Nxg4 25.
Nd5 Nxe3+ 26. fxe3 Rxb5 $17) 20... Re8 21. Be3 Nf8 (21... Ne4 $5 22. Nxe4 Bxe4
23. Bd4 e5 $15) 22. a4 Ne4 23. Nxe4 Bxe4 24. Bd4 Bxf3 (24... Bxd4 $6 25. Rxd4
Bxf3 26. Bxf3 Qc8 27. Be4 $40) 25. Bxf3 Qb8 {[%csl Rb4] ><b4} 26. Bd5 (26. Bxg7
Kxg7 27. Bd5 Qxb4 28. Qc3+ Qxc3 29. Rxc3 Rec8 30. Rdc1 $11) 26... Qxb4 27. Bxg7
Kxg7 28. Qf4 e6 (28... e5 29. Rxc4 exf4 30. Rxb4 Rxe2 31. Rxf4 $14) 29. Be4 (
29. Bxc4 $2 Rec8 30. Qg5+ Ng6 31. Bxa6 (31. Bd3 Rxc1 $19) 31... Rxc1 32. Rxc1
f6 33. Qxg6+ (33. Qe3 Qxg4+ 34. Kf1 Qh3+ $3 $19) 33... Kxg6 34. Bd3+ Kg5 35.
Rxc8 Qxg4+ $17) 29... c3 (29... e5 $6 30. Qg5+ Ng6 31. Rb1 Qc5 32. Rd5 $44) 30.
Qxd6 $8 (30. Rxd6 $2 Ng6 $19 {loses at least a piece.}) 30... Rc4 $11 31. f3 (
31. Qxb4 Rxb4 32. f3 Rc8 $5 $15) 31... Qxd6 32. Rxd6 a5 33. Bd3 (33. Ra6 Rc5
34. Kf2 Rb8 35. Bc6 Rb2 36. Bb5 Ng6 37. Ke3 e5 {/\Nf4|^}) (33. Bd3 Rxa4 34.
Rxc3 Ng6 $11 {[%cal Yg6e5,Yg6f4] /\Ne5,Nf4}) 1/2-1/2